00710nam a22001817a 450000500170000000800410001702000180005804100080007608200160008410000130010024500850011326000360019830000190023465000350025394200070028899900170029595202160031220250825155935.0250825b |||||||| |||| 00| 0 eng d a9780143474500 aEng a658.421 GAN aGanesh K aMastering Disruption: A Practical Guide to Understanding New Age Business Models aHaryanabPenguin Businessc2025 a276;. P. 23 cm aEntrepreneurship; New Business cBK c46484d46484 00102ddc4070aIMTNbIMTNcRack 32-Ad2025-08-25eAmazon.ing205.00iBOM5-3105284l1o658.421 GANp33951q2026-01-22r2026-01-12 14:29:33s2026-01-12w0000-00-00yBKzFaculty Purchase by Dr. Abhishekh N. Singh